| 000 | 01009nam a2200217 4500 | ||
|---|---|---|---|
| 001 | 131680 | ||
| 003 | ES-MaACL | ||
| 005 | 20230906194027.0 | ||
| 007 | t| | ||
| 008 | 070214s1922 sp r ||||1| spa d | ||
| 100 | 1 |
_aRodríguez Lafora, Gonzalo. _998594 |
|
| 245 | 1 | 0 |
_aEstudio psicológico del cubismo y expresionismo / _cpor Gonzalo R. Lafora. |
| 260 |
_aMadrid : _bJunta para Ampliación de Estudios e Investigaciones Científicas, Laboratorio de Fisiología Cerebral, _c1922. |
||
| 300 |
_a37 p. , [16] h. de lám. ; _c23 cm. |
||
| 490 | 1 |
_aPublicaciones de la Junta para Ampliación de Estudios, Laboratorio de Fisiología Cerebral ; _v3 |
|
| 500 | _aPublicado en: Archivos de Neurobiología, t. III, nº 2, junio de 1922. | ||
| 710 | 2 |
_aJunta para la Ampliación de Estudios e Investigaciones Científicas. _95413 |
|
| 830 | 0 |
_aPublicaciones de la Junta para Ampliación de Estudios, Laboratorio de Fisiología Cerebral ; _v3 _9186873 |
|
| 852 |
_aES-MaACL _j1643-F-13 |
||
| 999 |
_c131680 _d131680 |
||